[Event "BPB Limburg-open C"]
[Site "Maastricht"]
[Date "2015.05.23"]
[Round "2"]
[White "Michielsen, Lies"]
[Black "Mestrom, Sterre"]
[Result "0-1"]
[WhiteElo "1150"]
[BlackElo "1312"]
[PlyCount "84"]
[EventDate "2015.05.22"]
[EventType "swiss"]
[EventRounds "7"]
[EventCountry "NED"]
[Source "P.Boonen"]
[SourceDate "2015.01.01"]

1. e4 d6 2. d4 g6 3. Nf3 Bg7 4. Bc4 Nf6 5. Nc3 O-O 6. Bg5 Bg4 7. h3 Bxf3 8.
Qxf3 Nc6 9. O-O-O e5 10. Ne2 Re8 11. Bb5 a6 12. Bc4 exd4 13. Nxd4 Ne5 14. Qc3
Nxc4 15. Qxc4 Rxe4 16. Qd3 Qe7 17. f3 Re5 18. Bf4 Ra5 19. Rde1 Qd7 20. Kb1 Re8
21. g4 Nd5 22. Qd2 Ra4 23. Ne2 Nxf4 24. Nxf4 Bh6 25. Rxe8+ Qxe8 26. Nd5 Bxd2
27. Nf6+ Kf8 28. Nxe8 Kxe8 29. Rd1 Bf4 30. Rd3 Ra5 31. Rc3 Rc5 32. Rb3 b6 33.
Ra3 Re5 34. c4 a5 35. Ra4 Re3 36. b4 axb4 37. Rxb4 Rxf3 38. Ra4 Rxh3 39. c5 Be5
40. cxb6 cxb6 41. Rb4 Rg3 42. Rxb6 Rxg4 0-1

[Event "BPB Limburg-open C"]
[Site "Maastricht"]
[Date "2015.05.23"]
[Round "2"]
[White "Mitran, Marie"]
[Black "Hauffe, Frank"]
[Result "0-1"]
[WhiteElo "1546"]
[BlackElo "1703"]
[PlyCount "48"]
[EventDate "2015.05.22"]
[EventType "swiss"]
[EventRounds "7"]
[EventCountry "NED"]
[Source "P.Boonen"]
[SourceDate "2015.01.01"]

1. d4 Nf6 2. c4 e6 3. Nc3 d5 4. cxd5 exd5 5. Bg5 Nbd7 6. Nf3 c6 7. e3 Qa5 8.
Bd3 Ne4 9. Bxe4 dxe4 10. Nd2 Qxg5 11. O-O Nf6 12. Ndxe4 Nxe4 13. Nxe4 Qg6 14.
Ng3 Bd6 15. e4 Bf4 16. Qf3 Qg4 17. Qd3 Be6 18. d5 Rd8 19. Rfe1 O-O 20. Qb3 Bxg3
21. dxe6 Bxf2+ 22. Kf1 fxe6 23. Re2 Bb6+ 24. Ke1 Ba5+ 0-1

[Event "BPB Limburg-open C"]
[Site "Maastricht"]
[Date "2015.05.23"]
[Round "2"]
[White "Mitran, Ovi"]
[Black "Overtoom, Reinier"]
[Result "0-1"]
[WhiteElo "1523"]
[BlackElo "1739"]
[PlyCount "54"]
[EventDate "2015.05.22"]
[EventType "swiss"]
[EventRounds "7"]
[EventCountry "NED"]
[Source "P.Boonen"]
[SourceDate "2015.01.01"]

1. c4 g6 2. Nc3 Bg7 3. Nf3 Nf6 4. g3 O-O 5. Bg2 d6 6. d4 Nbd7 7. O-O e5 8. dxe5
dxe5 9. Qc2 c6 10. Rd1 Qe7 11. Bg5 h6 12. Bxf6 Nxf6 13. Nd2 Bf5 14. Qa4 Rfd8
15. Rac1 e4 16. e3 Bg4 17. Bxe4 Bxd1 18. Rxd1 Rxd2 19. Bxc6 Rxd1+ 20. Nxd1 bxc6
21. Qxc6 Rd8 22. Qa4 Qd7 23. Qxd7 Rxd7 24. Nc3 Rd2 25. b3 Rc2 26. Na4 Rxa2 27.
c5 Ne8 0-1

[Event "BPB Limburg-open C"]
[Site "Maastricht"]
[Date "2015.05.23"]
[Round "2"]
[White "Mollema, Henk"]
[Black "Marechal, Georges"]
[Result "1-0"]
[WhiteElo "1558"]
[BlackElo "1653"]
[PlyCount "100"]
[EventDate "2015.05.22"]
[EventType "swiss"]
[EventRounds "7"]
[EventCountry "NED"]
[Source "P.Boonen"]
[SourceDate "2015.01.01"]

1. e4 c6 2. d4 d5 3. exd5 Qxd5 4. c4 Qa5+ 5. Nc3 Nf6 6. Bd2 Qb6 7. Nge2 Bg4 8.
f3 Bh5 9. b3 e6 10. Qc2 Bg6 11. Ne4 Nbd7 12. c5 Qd8 13. Nf4 Bf5 14. Bd3 Nxe4
15. Bxe4 Bxe4 16. fxe4 Qh4+ 17. g3 Qg4 18. Qd3 e5 19. h3 Qg5 20. Ne6 Qe7 21.
Nc7+ Kd8 22. Nxa8 exd4 23. Qxd4 Qxc5 24. Qxc5 Bxc5 25. Bf4 Ke7 26. Nc7 Bb6 27.
O-O-O Rc8 28. Bd6+ Kf6 29. Rhf1+ Kg6 30. Bf4 Nf6 31. Rfe1 Bxc7 32. Bxc7 Rxc7
33. Rd6 Re7 34. Kd1 Kg5 35. e5 Nd5 36. e6 f6 37. Rd7 f5 38. Kd2 Kf6 39. Rxe7
Nxe7 40. Kd3 g5 41. Kd4 b6 42. b4 h5 43. a4 Nc8 44. b5 c5+ 45. Kd5 Ne7+ 46. Kd6
f4 47. g4 hxg4 48. hxg4 Ng6 49. e7 Nxe7 50. Rxe7 f3 1-0

[Event "BPB Limburg-open C"]
[Site "Maastricht"]
[Date "2015.05.23"]
[Round "2"]
[White "Muntean, Adrian"]
[Black "Zheng, Jimmy"]
[Result "1-0"]
[WhiteElo "1237"]
[BlackElo "900"]
[PlyCount "77"]
[EventDate "2015.05.22"]
[EventType "swiss"]
[EventRounds "7"]
[EventCountry "NED"]
[Source "P.Boonen"]
[SourceDate "2015.01.01"]

1. e4 e5 2. d4 Nc6 3. d5 Nd4 4. c3 Nb5 5. Bxb5 c6 6. dxc6 bxc6 7. Bc4 d5 8.
exd5 cxd5 9. Bxd5 Rb8 10. Bc6+ Bd7 11. Bxd7+ Qxd7 12. Qxd7+ Kxd7 13. Ne2 Nf6
14. O-O Bc5 15. b4 Bb6 16. a4 a5 17. b5 Rhe8 18. c4 Bc5 19. Ba3 Bxa3 20. Rxa3
Ke7 21. c5 Kf8 22. c6 Rec8 23. Nd2 Rc7 24. Nc4 Ra8 25. Nxe5 Re7 26. Re3 Rae8
27. Nc4 Nd5 28. Rxe7 Rxe7 29. Ng3 Nc3 30. Nf5 Re4 31. Nfd6 Re7 32. b6 Nxa4 33.
b7 g6 34. b8=Q+ Kg7 35. c7 Kh6 36. Qf8+ Kh5 37. Qxe7 Kh6 38. Nxf7+ Kg7 39.
Nfe5+ 1-0

[Event "BPB Limburg-open C"]
[Site "Maastricht"]
[Date "2015.05.23"]
[Round "2"]
[White "Muntean, Felix"]
[Black "Reusink, Hans"]
[Result "0-1"]
[WhiteElo "900"]
[BlackElo "1535"]
[PlyCount "88"]
[EventDate "2015.05.22"]
[EventType "swiss"]
[EventRounds "7"]
[EventCountry "NED"]
[Source "P.Boonen"]
[SourceDate "2015.01.01"]

1. e4 c5 2. Bc4 e6 3. Nf3 Nc6 4. Nc3 a6 5. a4 Qc7 6. d3 Nf6 7. O-O Be7 8. e5
Nxe5 9. Nxe5 Qxe5 10. Re1 Qc7 11. Bg5 O-O 12. Re3 d5 13. Bxf6 Bxf6 14. Bxd5
exd5 15. Nxd5 Qd6 16. Nc3 Bd4 17. Ne4 Qd5 18. c4 Qc6 19. Rg3 Be5 20. Rg5 Bd4
21. Qf3 h6 22. Rf5 Bxf5 23. Qxf5 b6 24. Nc3 Rae8 25. Nd5 Re5 26. Qxe5 Kh8 27.
Qe7 Kg8 28. Qh4 Qe6 29. h3 Qe2 30. Nxb6 Qxb2 31. Rf1 Qxb6 32. Re1 Qb3 33. Rd1
Qxd1+ 34. Kh2 Be5+ 35. f4 Bd4 36. Kg3 Qxd3+ 37. Kg4 Re8 38. Qh5 Re6 39. Qd5
Rg6+ 40. Qg5 Rxg5+ 41. fxg5 Qe2+ 42. Kh4 h5 43. a5 g6 44. g3 Qe4+ 0-1

[Event "BPB Limburg-open C"]
[Site "Maastricht"]
[Date "2015.05.23"]
[Round "2"]
[White "Nguyen, Lucas"]
[Black "Daemen, Jules"]
[Result "1/2-1/2"]
[WhiteElo "1552"]
[BlackElo "1688"]
[PlyCount "99"]
[EventDate "2015.05.22"]
[EventType "swiss"]
[EventRounds "7"]
[EventCountry "NED"]
[Source "P.Boonen"]
[SourceDate "2015.01.01"]

1. e4 e6 2. d4 Nf6 3. Bd3 d5 4. Nd2 b6 5. Ne2 Ba6 6. Bxa6 Nxa6 7. c3 Nb8 8. Qc2
Be7 9. O-O O-O 10. f4 dxe4 11. Nxe4 Nbd7 12. N2g3 c5 13. Be3 Nd5 14. Bf2 Qc7
15. f5 e5 16. dxe5 Nxe5 17. Rad1 Rad8 18. c4 Nf6 19. Be3 Rxd1 20. Rxd1 Nxe4 21.
Qxe4 f6 22. Ne2 Rd8 23. Rd5 Kf8 24. Bf4 Rxd5 25. Qxd5 Qd6 26. Qxd6 Bxd6 27. b3
Ke7 28. Nc3 Kd7 29. Nd5 Kc6 30. a4 Nd3 31. Bd2 a6 32. g3 b5 33. axb5+ axb5 34.
Kf1 Nb2 35. Ne3 Be5 36. Ke2 Bd4 37. Nd1 bxc4 38. Nxb2 cxb3 39. Bc1 Kd5 40. Kd3
Ke5 41. g4 Bxb2 42. Bxb2+ Kf4 43. h3 Kg3 44. Ke3 Kxh3 45. Kf3 Kh4 46. Kf4 h5
47. gxh5 Kxh5 48. Ke4 g6 49. Bxf6 gxf5+ 50. Kxf5 1/2-1/2

[Event "BPB Limburg-open C"]
[Site "Maastricht"]
[Date "2015.05.23"]
[Round "2"]
[White "Nissel, Andreas"]
[Black "Beusen, Frank"]
[Result "1-0"]
[WhiteElo "1628"]
[BlackElo "1415"]
[PlyCount "79"]
[EventDate "2015.05.22"]
[EventType "swiss"]
[EventRounds "7"]
[EventCountry "NED"]
[Source "P.Boonen"]
[SourceDate "2015.01.01"]

1. d4 d5 2. Nf3 Nf6 3. e3 e6 4. Bd3 c5 5. c3 Nc6 6. O-O Bd6 7. dxc5 Bxc5 8.
Nbd2 O-O 9. e4 dxe4 10. Nxe4 Nxe4 11. Bxe4 Qxd1 12. Rxd1 Rd8 13. Bf4 Rxd1+ 14.
Rxd1 Be7 15. Bc7 f5 16. Bxc6 bxc6 17. Nd4 c5 18. Nc6 Kf7 19. Nxe7 Kxe7 20. Bd6+
Ke8 21. Bxc5 a6 22. Rd6 Rb8 23. b4 a5 24. a3 axb4 25. Bxb4 Ra8 26. f4 Bd7 27.
Kf2 Rc8 28. Ke3 Rc4 29. Rd4 Rc8 30. g3 Bb5 31. Rd6 Bd7 32. Kd4 h6 33. c4 g5 34.
c5 Rc6 35. Ke5 Ke7 36. a4 Rxd6 37. cxd6+ Kf7 38. a5 Bc6 39. a6 Ke8 40. Kxe6 1-0

[Event "BPB Limburg-open C"]
[Site "Maastricht"]
[Date "2015.05.23"]
[Round "2"]
[White "Oosterlinck, Freddy"]
[Black "Schlosser, Mathias"]
[Result "1/2-1/2"]
[WhiteElo "1356"]
[BlackElo "1720"]
[PlyCount "113"]
[EventDate "2015.05.22"]
[EventType "swiss"]
[EventRounds "7"]
[EventCountry "NED"]
[Source "P.Boonen"]
[SourceDate "2015.01.01"]

1. e4 e5 2. Nf3 Nc6 3. Nc3 Nf6 4. d4 exd4 5. Nxd4 Nxd4 6. Qxd4 d6 7. Qd1 Be6 8.
Bd3 Be7 9. O-O O-O 10. Ne2 Bg4 11. c4 Nd7 12. Be3 Ne5 13. Qd2 Bxe2 14. Bxe2 Bf6
15. Rad1 Qe7 16. b3 a5 17. Qc2 Nc6 18. c5 Rfe8 19. Bb5 Nb4 20. Qd2 Red8 21.
cxd6 Qxd6 22. Qc1 Qe5 23. Rxd8+ Rxd8 24. Bc4 Nxa2 25. Qc2 Nb4 26. Qb1 b5 27.
Be2 Re8 28. Rd1 Rd8 29. Rxd8+ Bxd8 30. Qd1 Qe8 31. Bxb5 c6 32. Bc4 Bc7 33. Qg4
g6 34. Bh6 Be5 35. h4 Bg7 36. Bxg7 Kxg7 37. h5 Qe5 38. f3 Qc5+ 39. Kh1 Qxh5+
40. Qxh5 gxh5 41. Kh2 Nc2 42. Kg3 Ne3 43. Bd3 h4+ 44. Kxh4 Nxg2+ 45. Kg4 h5+
46. Kg5 h4 47. e5 h3 48. Bf1 c5 49. f4 Ne3 50. Bxh3 c4 51. bxc4 Nxc4 52. e6
fxe6 53. Bxe6 Nd6 54. Bb3 Nb5 55. f5 Nc3 56. f6+ Kf8 57. Kg6 1/2-1/2

[Event "BPB Limburg-open C"]
[Site "Maastricht"]
[Date "2015.05.23"]
[Round "2"]
[White "Patil, Mahesh"]
[Black "Korinth, Leonardo Enrico"]
[Result "1/2-1/2"]
[WhiteElo "1553"]
[BlackElo "1665"]
[PlyCount "186"]
[EventDate "2015.05.22"]
[EventType "swiss"]
[EventRounds "7"]
[EventCountry "NED"]
[Source "P.Boonen"]
[SourceDate "2015.01.01"]

1. e4 e6 2. d4 d5 3. exd5 exd5 4. Nf3 Bd6 5. c4 Ne7 6. c5 O-O 7. cxd6 Qxd6 8.
Nc3 Nf5 9. Be2 Nc6 10. O-O Re8 11. Nb5 Qe7 12. Re1 Qd8 13. Bg5 f6 14. Bf4 Re7
15. Qd2 a6 16. Nc3 h6 17. Bd3 Rxe1+ 18. Rxe1 g5 19. Bxf5 Bxf5 20. Bg3 Qd7 21.
Nd1 Bh7 22. h4 g4 23. Nh2 Qg7 24. Qf4 f5 25. Ne3 Re8 26. Rd1 Re4 27. Nxf5 Qg6
28. Nxh6+ Kg7 29. Qg5 Qxg5 30. hxg5 Kg6 31. N6xg4 Kxg5 32. f3 Re2 33. Bxc7 Rxb2
34. a3 Re2 35. Ne5 Bc2 36. f4+ Kf6 37. Nhg4+ Ke6 38. Rf1 Nxd4 39. Rf2 Rxf2 40.
Kxf2 Nb5 41. Ne3 Be4 42. Ba5 Nxa3 43. g4 d4 44. N3c4 Nc2 45. Nd2 Bh7 46. Ndf3
Kd5 47. Ke2 Ke4 48. Nd3 Kd5 49. f5 Ne3 50. f6 Ke6 51. g5 Nd5 52. Nxd4+ Kd6 53.
Nb4 Nc3+ 54. Kf3 Bg6 55. Nxa6 Ne4 56. Bb4+ Ke5 57. Kg4 Nxf6+ 58. gxf6 Kxf6 59.
Nc5 Ke5 60. Nf3+ Kd5 61. Nxb7 Kc6 62. Ne5+ Kxb7 63. Nxg6 Kc6 64. Kf4 Kd5 65.
Bc3 Kc4 66. Be5 Kd3 67. Kf3 Kc4 68. Ke4 Kc5 69. Bd4+ Kd6 70. Ne5 Kc7 71. Kd5
Kb7 72. Nd7 Kc7 73. Ne5 Kb7 74. Kc5 Kc7 75. Nc4 Kd7 76. Kd5 Kc7 77. Be5+ Kb7
78. Kc5 Ka6 79. Nb6 Kb7 80. Kb5 Ka7 81. Bd4 Kb7 82. Nd7 Kc7 83. Ne5 Kd6 84. Kc4
Ke6 85. Kc5 Kf5 86. Kd5 Kf4 87. Bb6 Kg3 88. Ke4 Kg2 89. Kf4 Kf1 90. Kf3 Ke1 91.
Bd4 Kd2 92. Ke4 Ke2 93. Ng4 Kd2 1/2-1/2

[Event "BPB Limburg-open C"]
[Site "Maastricht"]
[Date "2015.05.23"]
[Round "2"]
[White "Ratniece, Laura"]
[Black "Oxener, Aldo"]
[Result "0-1"]
[WhiteElo "1571"]
[BlackElo "1533"]
[PlyCount "98"]
[EventDate "2015.05.22"]
[EventType "swiss"]
[EventRounds "7"]
[EventCountry "NED"]
[Source "P.Boonen"]
[SourceDate "2015.01.01"]

1. d4 Nf6 2. c4 g6 3. Nc3 d5 4. e3 Bg7 5. Nf3 O-O 6. Be2 Nbd7 7. cxd5 Nb6 8. e4
e6 9. dxe6 Bxe6 10. O-O c6 11. h3 Qc7 12. Be3 Rad8 13. Qc2 a6 14. b3 h6 15.
Rad1 Rfe8 16. e5 Nfd5 17. Nxd5 Nxd5 18. Bc4 Qd7 19. Bxd5 Bxd5 20. Nd2 b5 21.
Ne4 Bxe4 22. Qxe4 Qd5 23. Qxd5 Rxd5 24. b4 Red8 25. f4 Bf8 26. a3 c5 27. Rb1
cxd4 28. Bd2 Rc8 29. Rbc1 Rc4 30. Rfe1 d3 31. Kf2 Rc2 32. Rxc2 dxc2 33. Ke3 g5
34. g3 gxf4+ 35. gxf4 h5 36. Rc1 Bh6 37. Rxc2 Rxe5+ 38. Kd4 Re2 39. Kd3 Rh2 40.
Rc8+ Kh7 41. Kc2 Bxf4 42. Rd8 Bxd2 43. Rxd2 Rxh3 44. Kb2 Re3 45. Rd6 Re6 46.
Rd4 Kg6 47. Rd8 Kg5 48. Rg8+ Rg6 49. Rf8 f5 0-1

[Event "BPB Limburg-open C"]
[Site "Maastricht"]
[Date "2015.05.23"]
[Round "2"]
[White "Ratzkowski, Dirk"]
[Black "Schroeder, Oliver"]
[Result "1-0"]
[WhiteElo "1749"]
[BlackElo "1623"]
[PlyCount "47"]
[EventDate "2015.05.22"]
[EventType "swiss"]
[EventRounds "7"]
[EventCountry "NED"]
[Source "P.Boonen"]
[SourceDate "2015.01.01"]

1. e4 d6 2. f4 Nf6 3. Nc3 Nbd7 4. Nf3 e5 5. Bc4 Nb6 6. Bb3 Bg4 7. fxe5 Bxf3 8.
Qxf3 dxe5 9. d3 h6 10. Be3 Nbd7 11. O-O c6 12. Qg3 Qe7 13. Rad1 Nc5 14. Rf5
Ncd7 15. d4 exd4 16. Bxd4 O-O-O 17. e5 Nd5 18. Nxd5 cxd5 19. Bxd5 Qb4 20. Rxf7
Bc5 21. c3 Bxd4+ 22. cxd4 Rhe8 23. Rc1+ Kb8 24. e6+ 1-0

[Event "BPB Limburg-open C"]
[Site "Maastricht"]
[Date "2015.05.23"]
[Round "2"]
[White "Reyskens, Jules"]
[Black "Van der Hoeven, Carsten"]
[Result "0-1"]
[WhiteElo "1688"]
[BlackElo "1366"]
[PlyCount "74"]
[EventDate "2015.05.22"]
[EventType "swiss"]
[EventRounds "7"]
[EventCountry "NED"]
[Source "P.Boonen"]
[SourceDate "2015.01.01"]

1. e4 d6 2. d4 Nf6 3. Nc3 g6 4. f4 Bg7 5. Nf3 c5 6. dxc5 Qa5 7. Bd2 Qxc5 8. Be2
O-O 9. Bd3 a6 10. Qe2 b5 11. Be3 Qc7 12. O-O-O b4 13. Nd5 Nxd5 14. exd5 a5 15.
Bd4 a4 16. Bxg7 Kxg7 17. Kb1 Nd7 18. Qe3 a3 19. Qd4+ Kg8 20. b3 Nb6 21. Be4 Bb7
22. Qxb4 Rfc8 23. c4 Rcb8 24. Rc1 Ba6 25. c5 dxc5 26. Qxc5 Qxf4 27. Qd4 Rd8 28.
g3 Qd6 29. Qe3 Nxd5 30. Bxd5 Qxd5 31. Rc5 Qd6 32. Ne5 f6 33. Nc4 Bxc4 34. Rxc4
Rac8 35. Qc3 Qe6 36. Rxc8 Rxc8 37. Qd3 Qe5 0-1

[Event "BPB Limburg-open C"]
[Site "Maastricht"]
[Date "2015.05.23"]
[Round "2"]
[White "Roemhild, Wolfgang"]
[Black "Dethier, Krista"]
[Result "1-0"]
[WhiteElo "1735"]
[BlackElo "1325"]
[PlyCount "35"]
[EventDate "2015.05.22"]
[EventType "swiss"]
[EventRounds "7"]
[EventCountry "NED"]
[Source "P.Boonen"]
[SourceDate "2015.01.01"]

1. e4 c6 2. d4 d5 3. e5 Bf5 4. Nf3 e6 5. Nbd2 Ne7 6. Be2 Ng6 7. Nf1 Nd7 8. Ng3
Be4 9. Nxe4 dxe4 10. Ng5 Qa5+ 11. Bd2 Qd5 12. c3 e3 13. Bxe3 Qxg2 14. Bf3 Qxh1+
15. Bxh1 f6 16. Nxe6 Rc8 17. Qb3 Nb6 18. O-O-O 1-0

[Event "BPB Limburg-open C"]
[Site "Maastricht"]
[Date "2015.05.23"]
[Round "2"]
[White "Rutten, Alexander"]
[Black "Kumpen, Kurt"]
[Result "1-0"]
[WhiteElo "966"]
[BlackElo "1417"]
[PlyCount "70"]
[EventDate "2015.05.22"]
[EventType "swiss"]
[EventRounds "7"]
[EventCountry "NED"]
[Source "P.Boonen"]
[SourceDate "2015.01.01"]

1. e4 e6 2. d4 d5 3. e5 c5 4. c3 Nc6 5. Nf3 Bd7 6. a3 Qb6 7. b4 cxd4 8. cxd4
Nge7 9. Bb2 Nf5 10. Be2 Be7 11. O-O O-O 12. Kh1 Rac8 13. Nc3 Ncxd4 14. Nxd5
exd5 15. Nxd4 Rfd8 16. Nxf5 Bxf5 17. Bd3 Bxd3 18. Qxd3 Qe6 19. f4 Rc4 20. Rac1
Rdc8 21. Qd2 b5 22. Bd4 Qc6 23. Rxc4 bxc4 24. Qc3 Qa4 25. Qh3 Rc7 26. e6 f6 27.
Rc1 Rc6 28. f5 a5 29. Qh5 Rc7 30. Qf7+ Kh8 31. Bc5 Rc8 32. Qxe7 Qxa3 33. Rd1
axb4 34. Bxb4 Qb2 35. Qb7 Re8 1-0

[Event "BPB Limburg-open C"]
[Site "Maastricht"]
[Date "2015.05.23"]
[Round "2"]
[White "Schoffelen, Jan"]
[Black "Heman, Frans"]
[Result "0-1"]
[WhiteElo "1410"]
[BlackElo "1620"]
[PlyCount "74"]
[EventDate "2015.05.22"]
[EventType "swiss"]
[EventRounds "7"]
[EventCountry "NED"]
[Source "P.Boonen"]
[SourceDate "2015.01.01"]

1. e4 e6 2. d4 c5 3. Nf3 cxd4 4. Nxd4 Nc6 5. c3 a6 6. Be3 Nf6 7. Bd3 Ne5 8. h3
b5 9. O-O Bb7 10. f3 Rc8 11. Qe2 Bc5 12. Nc2 O-O 13. Bxc5 Rxc5 14. Qe3 Nxd3 15.
Qxd3 Qc7 16. Rd1 Rg5 17. Qd6 Qc8 18. Nd2 Rd8 19. Ne3 Ne8 20. Qf4 Rg6 21. Ng4 d6
22. Nb3 e5 23. Qe3 Nf6 24. Nxf6+ gxf6 25. Kh2 f5 26. exf5 Qxf5 27. Re1 Qe6 28.
Nd2 d5 29. b3 Qd6 30. Kh1 Qe6 31. Rad1 e4 32. f4 Qf5 33. a4 Qd7 34. b4 d4 35.
cxd4 Qxd4 36. Qxd4 Rxd4 37. Nb3 Rxb4 {.....} 0-1

[Event "BPB Limburg-open C"]
[Site "Maastricht"]
[Date "2015.05.23"]
[Round "2"]
[White "Schroeder, Janina"]
[Black "Godding, Mick"]
[Result "0-1"]
[WhiteElo "1422"]
[BlackElo "1616"]
[PlyCount "108"]
[EventDate "2015.05.22"]
[EventType "swiss"]
[EventRounds "7"]
[EventCountry "NED"]
[Source "P.Boonen"]
[SourceDate "2015.01.01"]

1. e4 d5 2. exd5 Nf6 3. Nc3 Nxd5 4. Nxd5 Qxd5 5. Nf3 Bg4 6. Be2 e5 7. d3 Nd7 8.
c4 Qc6 9. b3 f6 10. O-O O-O-O 11. Be3 Bc5 12. a3 Bxe3 13. fxe3 Nc5 14. b4 Bxf3
15. Bxf3 e4 16. Bg4+ Ne6 17. d4 Qxc4 18. d5 Rhe8 19. Rc1 Qxd5 20. Qxd5 Rxd5 21.
Rc4 Re5 22. Rf4 h5 23. Bf5 Kd8 24. Bg6 Nxf4 25. exf4 R5e6 26. Bxe8 Rxe8 27. Kf2
f5 28. Rc5 g6 29. Ke3 Kd7 30. Ra5 a6 31. h3 h4 32. Rc5 Re6 33. Rc3 Rc6 34. Rxc6
Kxc6 35. a4 Kd5 36. g3 hxg3 37. h4 g2 38. Kf2 e3+ 39. Kxg2 Ke4 40. Kf1 Kxf4 41.
Ke2 Ke4 42. b5 axb5 43. axb5 f4 44. b6 c6 45. h5 gxh5 46. Ke1 f3 47. Kf1 Kd3
48. Ke1 f2+ 49. Kf1 Kd2 50. Kg2 e2 51. Kxf2 e1=Q+ 52. Kg2 Ke3 53. Kh3 Qg1 54.
Kh4 Qg4# 0-1

[Event "BPB Limburg-open C"]
[Site "Maastricht"]
[Date "2015.05.23"]
[Round "2"]
[White "Schulte, Philipp"]
[Black "Weynjes, Tim"]
[Result "0-1"]
[WhiteElo "1442"]
[BlackElo "1233"]
[PlyCount "72"]
[EventDate "2015.05.22"]
[EventType "swiss"]
[EventRounds "7"]
[EventCountry "NED"]
[Source "P.Boonen"]
[SourceDate "2015.01.01"]

1. d4 d5 2. c4 e6 3. Nf3 Nf6 4. g3 Bd6 5. Bg2 O-O 6. O-O Bd7 7. Bg5 h6 8. Bd2
Nc6 9. Nc3 Bb4 10. Qb3 Bxc3 11. bxc3 Rb8 12. cxd5 exd5 13. c4 Be6 14. c5 b6 15.
Qc2 Bg4 16. Rab1 Bxf3 17. Bxf3 Nxd4 18. Qc3 Nxf3+ 19. exf3 Qe7 20. cxb6 Rxb6
21. Be3 Rxb1 22. Rxb1 a6 23. Bc5 Qd7 24. Bxf8 Kxf8 25. Rb8+ Ke7 26. Qe5+ Qe6
27. Qxc7+ Qd7 28. Qc5+ Qd6 29. Qxd6+ Kxd6 30. Rb6+ Kc5 31. Rxa6 d4 32. Rxf6
gxf6 33. Kf1 Kc4 34. Ke2 Kc3 35. a4 Kc2 36. a5 d3+ 0-1

[Event "BPB Limburg-open C"]
[Site "Maastricht"]
[Date "2015.05.23"]
[Round "2"]
[White "Snyers, Antoine"]
[Black "Bloem, Robert"]
[Result "1-0"]
[WhiteElo "1556"]
[BlackElo "1249"]
[PlyCount "59"]
[EventDate "2015.05.22"]
[EventType "swiss"]
[EventRounds "7"]
[EventCountry "NED"]
[Source "P.Boonen"]
[SourceDate "2015.01.01"]

1. e4 e5 2. Nf3 Nc6 3. d4 d6 4. dxe5 Bg4 5. exd6 Bxd6 6. Bc4 Qe7 7. O-O O-O-O
8. Bd5 Be5 9. c4 Nb4 10. Qb3 Bxf3 11. Qxf3 Rxd5 12. exd5 Nc2 13. Qf5+ Kb8 14.
Qxc2 Qh4 15. g3 Qh3 16. Re1 f6 17. Nc3 a6 18. b4 Nh6 19. Bxh6 gxh6 20. Re4 Qf5
21. Rae1 h5 22. d6 cxd6 23. Nd5 Qe6 24. Rf4 f5 25. Qxf5 Qxf5 26. Rxf5 Bd4 27.
Re7 h4 28. Rff7 h3 29. Rxb7+ Kc8 30. Nb6+ 1-0

[Event "BPB Limburg-open C"]
[Site "Maastricht"]
[Date "2015.05.23"]
[Round "2"]
[White "Spanjersberg, Hans"]
[Black "Karsten, Simon"]
[Result "1/2-1/2"]
[WhiteElo "1664"]
[BlackElo "1666"]
[PlyCount "71"]
[EventDate "2015.05.22"]
[EventType "swiss"]
[EventRounds "7"]
[EventCountry "NED"]
[Source "P.Boonen"]
[SourceDate "2015.01.01"]

1. f4 Nf6 2. Nf3 d5 3. e3 g6 4. b3 Bg7 5. Bb2 O-O 6. Be2 b6 7. O-O Ba6 8. Bxa6
Nxa6 9. Qe2 Nc5 10. d3 c6 11. Nbd2 Qc7 12. Be5 Qb7 13. Ng5 Ne8 14. Bxg7 Nxg7
15. e4 Nce6 16. Nxe6 Nxe6 17. Qe3 c5 18. exd5 Qxd5 19. Nf3 Nd4 20. Rf2 e6 21.
Re1 Nxf3+ 22. Rxf3 Qd4 23. Rf2 Qxe3 24. Rxe3 Rfd8 25. Rfe2 Rd4 26. g3 Rad8 27.
Kf2 Kf8 28. Re4 Ke7 29. Ke3 R8d5 30. Kf3 Kd6 31. Re5 Kc6 32. Rxd5 Rxd5 33. Re4
Kd6 34. Ke2 h5 35. h4 Rd4 36. c3 1/2-1/2

[Event "BPB Limburg-open C"]
[Site "Maastricht"]
[Date "2015.05.23"]
[Round "2"]
[White "Uiterwijk, Jos"]
[Black "Sleurs, Juliette"]
[Result "1/2-1/2"]
[WhiteElo "1622"]
[BlackElo "1446"]
[PlyCount "117"]
[EventDate "2015.05.22"]
[EventType "swiss"]
[EventRounds "7"]
[EventCountry "NED"]
[Source "P.Boonen"]
[SourceDate "2015.01.01"]

1. e4 e5 2. Nf3 Nc6 3. d4 exd4 4. Nxd4 Bc5 5. Be3 Qf6 6. c3 d6 7. Qd2 h6 8. Nb5
Qe7 9. Bxc5 dxc5 10. Bd3 Nf6 11. O-O O-O 12. Qf4 Ne5 13. Bc2 a6 14. N5a3 b5 15.
Nd2 Bb7 16. f3 Rfd8 17. Rad1 Rd7 18. Nb3 Rxd1 19. Rxd1 Re8 20. Na5 Bc6 21. Nxc6
Nxc6 22. Qe3 Qe5 23. Nb1 Rd8 24. Rxd8+ Nxd8 25. Qd3 Qd6 26. Nd2 Qxd3 27. Bxd3
Kf8 28. Be2 Nc6 29. a4 Na7 30. Nb3 Nd7 31. Nd2 Ke7 32. Nb1 Kd6 33. Na3 c6 34.
Kf2 Kc7 35. a5 Kd6 36. b4 c4 37. Nc2 c5 38. Ke3 cxb4 39. cxb4 Nc6 40. Kd2 Ke5
41. Kc3 Kd6 42. g3 g6 43. Bf1 Nd8 44. f4 f6 45. Bh3 Nf7 46. Ne3 Nb8 47. Nc2 Nd8
48. Ne3 Nb7 49. Bc8 Nd8 50. Bh3 Nf7 51. Ng4 Nd7 52. Ne3 Nb8 53. g4 g5 54. Nf5+
Kc6 55. fxg5 hxg5 56. Bg2 Ne5 57. Ne7+ Kd6 58. Nd5 Nbd7 59. h3 1/2-1/2

[Event "BPB Limburg-open C"]
[Site "Maastricht"]
[Date "2015.05.23"]
[Round "2"]
[White "Ulburghs, Piet"]
[Black "Kokolakis, Panagiotis"]
[Result "0-1"]
[WhiteElo "1667"]
[BlackElo "1379"]
[PlyCount "92"]
[EventDate "2015.05.22"]
[EventType "swiss"]
[EventRounds "7"]
[EventCountry "NED"]
[Source "P.Boonen"]
[SourceDate "2015.01.01"]

1. b3 d5 2. e3 e5 3. Bb2 Bd6 4. Nf3 Nd7 5. c4 c6 6. Nc3 Ngf6 7. cxd5 cxd5 8.
Nb5 Bb8 9. Ba3 a6 10. Nd6+ Bxd6 11. Bxd6 e4 12. Nd4 Nb6 13. Bb4 Bd7 14. Rc1 Nc8
15. Be2 Ne7 16. Bd6 O-O 17. O-O Rc8 18. f3 Re8 19. fxe4 Nxe4 20. Bb4 Nc6 21.
Nxc6 Bxc6 22. Rf4 Bd7 23. d3 Ng5 24. Bd2 Rxc1 25. Bxc1 Qa5 26. a3 Rc8 27. h4
Ne6 28. Rf2 Qc5 29. Rf1 Qc2 30. Bf3 Qxd1 31. Rxd1 Bc6 32. Bb2 Kf8 33. Rf1 f6
34. a4 Kf7 35. Bh5+ Kg8 36. Bf3 Nc5 37. Bg4 Re8 38. Bh5 Ra8 39. Bd1 Nxd3 40.
Ba3 Re8 41. Rf3 d4 42. exd4 Bxf3 43. Bxf3 b6 44. Bb7 a5 45. Ba6 Nb4 46. Kf2
Nxa6 0-1

[Event "BPB Limburg-open C"]
[Site "Maastricht"]
[Date "2015.05.23"]
[Round "2"]
[White "Van Dalen, Maiko"]
[Black "Deckers, Mano"]
[Result "0-1"]
[WhiteElo "1381"]
[BlackElo "1309"]
[PlyCount "112"]
[EventDate "2015.05.22"]
[EventType "swiss"]
[EventRounds "7"]
[EventCountry "NED"]
[Source "P.Boonen"]
[SourceDate "2015.01.01"]

1. e4 d5 2. exd5 Qxd5 3. Nc3 Qd6 4. d4 c6 5. Nge2 e5 6. g3 exd4 7. Qxd4 Bf5 8.
Bf4 Qxd4 9. Nxd4 g6 10. Nxf5 gxf5 11. Bg2 Bb4 12. Bd2 Nd7 13. a3 Bxc3 14. Bxc3
f6 15. b4 O-O-O 16. O-O Nh6 17. f4 Rhe8 18. Rfe1 Ng4 19. Bd4 a6 20. h3 Nh6 21.
a4 Nf7 22. Rad1 Rxe1+ 23. Rxe1 Nd6 24. Bf1 Re8 25. Rxe8+ Nxe8 26. Bd3 Nd6 27.
Bc5 Nxc5 28. bxc5 Ne4 29. Kg2 Nxc5 30. Bxf5+ Kd8 31. Bxh7 Nxa4 32. Bf5 Nc5 33.
h4 Nd7 34. h5 Nf8 35. h6 b5 36. h7 Nxh7 37. Bxh7 a5 38. c3 a4 39. Bb1 c5 40.
Ba2 b4 41. cxb4 cxb4 42. g4 b3 43. Bb1 a3 44. g5 Ke7 45. Kg3 a2 46. Bxa2 bxa2
47. Kg4 a1=Q 48. Kh5 f5 49. Kg6 Ke6 50. Kh6 Qc1 51. g6 Qxf4+ 52. Kh7 Qh4+ 53.
Kg7 f4 54. Kg8 Kf6 55. g7 Qh6 56. Kf8 Qxg7+ 0-1